000 00484nam a22001817a 4500
003 0
005 20231007102141.0
008 231007b xxu||||| |||| 00| 0 eng d
020 _a978-1-4197-1132-9
050 _aFic
_b.K62 2014
100 _aKinney, Jeff
245 _aDiary of the wimpy kid : hard luck
_cJeff Kinney
260 _aNew York
_bAmulet Books
_cc2014.
300 _a217 pages :
_bb&w ill. ;
_c20 cm.
500 _aFiction.
650 _aFiction.
942 _2lcc
_cBK
999 _c365498
_d365498